Histoire de l'arme nucléaire - Statistiques

Statistiques générales
  • Ce quiz a été pris 30 348 fois
  • Le résultat moyen est 14 sur 20
Statistiques - réponses
Indice Réponse % Correct
Premier pays a avoir possédé l'arme nucléaire États-Unis
99%
Seul pays à avoir subi des attaques nucléaires Japon
95%
Villes attaquées Hiroshima
93%
Villes attaquées Nagasaki
93%
Forme typique du nuage qui se forme suite à une forte explosion,notamment atomique Champignon
80%
Signification du H dans Bombe H Hydrogène
80%
Scientifique à la tête de ce projet, surnommé le « père de la bombe atomique » J. Robert Oppenheimer
80%
Île depuis laquelle l'URSS pointa des missiles nucléaire vers lesÉtats-Unis, menant à une crise majeure de la guerre froide (1962) Cuba
76%
Pays à avoir réalisé l'essai nucléaire le plus récent en date, le 3 septembre 2017 Corée du Nord
73%
Scientifiques auteurs d'une lettre au président Roosevelt en 1939, l'avertissantque l'Allemagne pourrait développer des armes nucléaires (nommez en un) Leo Szilard /Albert Einstein
72%
Éléments radioactifs constituant la matière fissile utilisée dans ces bombes Uranium
72%
Phénomène nucléaire exploité pour créer une bombe A Fission nucléaire
70%
Second phénomène nucléaire exploité pour créer une bombe H Fusion nucléaire
67%
Bombe soviétique, la plus puissante bombe jamais testée au monde (1961) {Tsar} Bomba
61%
Nom du projet américain visant à développer des armes nucléaires Projet {Manhattan}
60%
Pays moderne où la France réalisa ses premiers essais nucléaires (1960-1966) Algérie
59%
Noms des bombes qui furent larguées Little Boy
59%
Éléments radioactifs constituant la matière fissile utilisée dans ces bombes Plutonium
47%
Noms des bombes qui furent larguées Fat Man
38%
Atoll qui fut le théâtre d'essais nucléaires menés par les États-Unis, à partirde 1946 Bikini
27%
Aucun quiz correspondant
Distribution des résultats
% des personnes avec chaque résultat
Percentile par nombre de réponses
Votre historique - résultats
Vous n’avez pas pris ce quiz